| 000 | 00575nam a22001817a 4500 | ||
|---|---|---|---|
| 999 |
_c188801 _d188801 |
||
| 005 | 20220603151418.0 | ||
| 010 | _aENG-132987 | ||
| 020 |
_a978-88124-1158-79 _c595.00 |
||
| 035 | _aEN-116519 | ||
| 037 | _bDBAD/PUB | ||
| 082 | _a320.9546 | ||
| 100 | _aBhim Singh | ||
| 245 |
_aJammu and Kashmir: _bThe Blunders and Way Out/ _cBhim Singh |
||
| 260 |
_aNew Delhi _bHar-Anand Publications Pvt. Ltd. _c2013 |
||
| 270 |
_aE-49/3, Okhla Industrial Area, Phase-II, _bNew Delhi _e110020 |
||
| 300 |
_a248p. _bIndex _c22cm(hbk) |
||
| 942 |
_2ddc _cEN _mBHI _h320.9546 |
||